01461nas a2200361 i 450000100060000000300080000600500170001400600190003100700150005000800410006502200140010603500220012004000310014205000220017308000120019508200160020724500560022326400980027930000390037731000180041633600310043433700330046533800430049836200430054158800830058459001620066765100520082965500290088171000910091079700180100185600630101999900170108285719FINmELB20241217171421.0m o d | cr cnu||||||||221103c20139999sp tr pso 0 b0spa d a2007-2880 a(OCoLC)1351574195 aFINmELBbspaerdacFINmELB 4aF1201b.D533 2013 a94(720)04a972.00522300aDiacronías. Revista de divulgación histórica. 1aCiudad de México :bPalabra de Clío, A.C. Asociación de historiadores mexicanos,c2013. a1 recurso en línea (volúmenes) aCuatrimestral atextobtxt2rdacontent/spa acomputadorabc2rdamedia/spa arecurso en líneabcr2rdacarrier/spa1 aAño 6, número 9 (octubre de 2013)- aDescripción basada en metadatos suministrados por el editor y otras fuentes. aRecurso electrónico. Santa Fe, Arg.: elibro, 2022. Disponible vía World Wide Web. El acceso puede estar limitado para las bibliotecas afiliadas a elibro. 4aMéxicoxHistoriavPublicaciones periódicas. 4aRevistas electrónicas.2 aPalabra de Clío, A.C. Asociación de historiadores mexicanos,eentidad responsable.2 aelibro, Corp.40uhttps://elibro.net/ereader/politecnicointernacional/165657 c85719d85719